चरण सिंह : (Record no. 111614)

MARC details
000 -LEADER
fixed length control field 01084nam a22002537a 4500
005 - DATE AND TIME OF LATEST TRANSACTION
control field 20170124102926.0
010 ## - LIBRARY OF CONGRESS CONTROL NUMBER
LC control number B-032172
020 ## - INTERNATIONAL STANDARD BOOK NUMBER
Terms of availability 145.00
International Standard Book Number 8123008201
035 ## - SYSTEM CONTROL NUMBER
System control number B-032172
037 ## - SOURCE OF ACQUISITION
Source of stock number/acquisition Cen Lib/Ret
040 ## - CATALOGING SOURCE
Original cataloging agency DPL
Language of cataloging HN
082 ## - DEWEY DECIMAL CLASSIFICATION NUMBER
Classification number 080
Item number चरण
100 ## - MAIN ENTRY--PERSONAL NAME
Personal name चरण सिंह
9 (RLIN) 2233
245 ## - TITLE STATEMENT
Title चरण सिंह :
Statement of responsibility, etc चरण सिंह
Remainder of title चुने हुए भाषण /
246 ## - VARYING FORM OF TITLE
Title proper/short title Charan Singh : chune hue bhashan /
Remainder of title by Charan Singh
260 ## - PUBLICATION, DISTRIBUTION, ETC. (IMPRINT)
Place of publication, distribution, etc नई दिल्ली
Name of publisher, distributor, etc प्रकाशन विभाग, सूची और प्रसारण मंत्रालय
Date of publication, distribution, etc 2000
270 ## - ADDRESS
Address पटियाला हाउस
City नई दिल्ली
Postal code 110001
300 ## - PHYSICAL DESCRIPTION
Extent ix,60पृ. :
Dimensions 22सेमी(सजिल्द)
Other physical details सचित्र
650 ## - SUBJECT ADDED ENTRY--TOPICAL TERM
Topical term or geographic name as entry element चरण सिंह -- सन्देश
9 (RLIN) 240
650 ## - SUBJECT ADDED ENTRY--TOPICAL TERM
Topical term or geographic name as entry element राष्ट्रीय विकास
9 (RLIN) 232
650 ## - SUBJECT ADDED ENTRY--TOPICAL TERM
Topical term or geographic name as entry element Charan Singh -- Sandesh
9 (RLIN) 43751
650 ## - SUBJECT ADDED ENTRY--TOPICAL TERM
Topical term or geographic name as entry element Rashtriya vikas
9 (RLIN) 43752
942 ## - ADDED ENTRY ELEMENTS (KOHA)
Source of classification or shelving scheme Dewey Decimal Classification
Koha item type Hindi Books
Classification part 080
Call number suffix चरण
Holdings
Withdrawn status Lost status Damaged status Not for loan Collection code Home library Current library Date acquired Source of acquisition Cost, normal purchase price Total Checkouts Full call number Barcode Date last seen Copy number Cost, replacement price Price effective from Koha item type
      Not For Loan Reference Central Library Central Library 04/08/2015 Cen Lib/Ret 145.00   080 चरण B-032172 04/08/2015 1 145.00 04/08/2015 Hindi Books

© Delhi Public Library
Hit Counter
free hit counter